[Event "Santo Domingo U2000 op"]
[Site "Santo Domingo"]
[Date "2017.06.03"]
[Round "3"]
[White "Tiburcio, Franklin Eddy"]
[Black "Chaer Garcia, Erick A"]
[Result "0-1"]
[WhiteElo "1638"]
[BlackElo "1871"]
[PlyCount "52"]
[EventDate "2017.06.02"]
[EventType "swiss"]
[EventRounds "8"]
[EventCountry "DOM"]
[SourceTitle "CBM 178 Extra"]
[Source "ChessBase"]
[SourceDate "2017.06.22"]
[SourceVersion "1"]
[SourceVersionDate "2017.06.22"]
[SourceQuality "1"]

1. e4 e5 2. Nf3 Nf6 3. Nc3 Nc6 4. Bb5 Bc5 5. d3 d6 6. 0-0 a6 7. Ba4 Bg4 8. h3 h5 9. Bg5 Be6 10. Nd5 b5 11. Bb3 Na5 12. Nxf6+ gxf6 13. Bh4 Nxb3 14. axb3 Rg8 15. Kh2 Rg6 16. d4 exd4 17. Nxd4 Qd7 18. f4 Rxg2+ 19. Kxg2 Bxh3+ 20. Kg1 Bxf1 21. Kxf1 Qh3+ 22. Ke2 Qxh4 23. Nf3 Qxf4 24. Qd3 Kd7 25. Qd5 Qe3+ 26. Kd1 Qxf3+ 0-1

[Event "Santo Domingo op"]
[Site "Santo Domingo"]
[Date "2017.04.01"]
[Round "2"]
[White "Jimenez Matos, Jimmy"]
[Black "Tiburcio, Franklin Eddy"]
[Result "1-0"]
[WhiteElo "1930"]
[BlackElo "1653"]
[PlyCount "87"]
[EventDate "2017.04.01"]
[EventType "swiss"]
[EventRounds "7"]
[EventCountry "DOM"]
[SourceTitle "CBM 177 Extra"]
[Source "ChessBase"]
[SourceDate "2017.04.27"]
[SourceVersion "1"]
[SourceVersionDate "2017.04.27"]
[SourceQuality "1"]

1. d4 Nf6 2. c4 d5 3. Nc3 e6 4. Bg5 Bb4 5. a3 Bxc3+ 6. bxc3 h6 7. Bh4 0-0 8. Nf3 Nbd7 9. e3 Qe8 10. Bg3 c6 11. Bd6 Ne4 12. Bxf8 Qxf8 13. Qc2 Ndf6 14. Bd3 b6 15. 0-0 Ba6 16. cxd5 Bxd3 17. Qxd3 cxd5 18. c4 Rc8 19. cxd5 exd5 20. Rac1 Nd6 21. Qa6 Ra8 22. Nd2 Qe7 23. Rc2 Nfe4 24. Nxe4 Qxe4 25. Rc7 Nc4 26. Rxa7 Rf8 27. Ra8 Rxa8 28. Qxa8+ Kh7 29. Qa4 Qg4 30. Qc2+ f5 31. h3 Qg6 32. a4 Qe6 33. Qd3 g6 34. Rb1 Qc6 35. Rb5 Nd6 36. Rb1 Nc4 37. Qb3 h5 38. Qb4 Qe8 39. Rc1 Qe6 40. Qf8 Qc6 41. Qf7+ Kh8 42. h4 Qd6 43. Rxc4 dxc4 44. Qxc4 1-0

[Event "Santo Domingo Duarte Memorial 6th"]
[Site "Santo Domingo"]
[Date "2017.01.29"]
[Round "4"]
[White "Mendez Ramirez, Victor"]
[Black "Tiburcio, Franklin Eddy"]
[Result "1-0"]
[WhiteElo "1863"]
[BlackElo "1675"]
[PlyCount "73"]
[EventDate "2017.01.27"]
[EventType "swiss"]
[EventRounds "8"]
[EventCountry "DOM"]
[SourceTitle "CBM 176 Extra"]
[Source "ChessBase"]
[SourceDate "2017.03.02"]
[SourceVersion "1"]
[SourceVersionDate "2017.03.02"]
[SourceQuality "1"]

1. e4 e6 2. d3 Nf6 3. Nf3 h6 4. g3 c5 5. Bg2 Nc6 6. 0-0 d6 7. Re1 b5 8. e5 Nd5 9. exd6 Bxd6 10. Nh4 0-0 11. c4 bxc4 12. dxc4 Nde7 13. Nc3 Bb7 14. Qh5 Qe8 15. Ne4 Bc7 16. Bxh6 f5 17. Qxe8 Raxe8 18. Nxc5 Bc8 19. Bg5 Kf7 20. Rad1 e5 21. Nf3 e4 22. Nd2 Bb6 23. Ndb3 Ne5 24. Na4 Nxc4 25. Nxb6 Nxb6 26. Rc1 Ned5 27. Red1 Ba6 28. Nc5 Be2 29. Rd2 Bf3 30. Nd7 Rh8 31. Nxb6 Nxb6 32. Rc7+ Kg6 33. Be3 Rc8 34. Rd6+ Kh7 35. Rh6+ Kg8 36. Rxh8+ Kxh8 37. Bxb6 1-0

[Event "Santo Domingo Autumn op"]
[Site "Santo Domingo"]
[Date "2016.10.07"]
[Round "1"]
[White "Tiburcio, Franklin Eddy"]
[Black "Lorenzo De Los Santos, Luis L"]
[Result "0-1"]
[WhiteElo "1653"]
[BlackElo "2089"]
[PlyCount "52"]
[EventDate "2016.10.07"]
[EventType "swiss"]
[EventRounds "8"]
[EventCountry "DOM"]
[SourceTitle "CBM 175 Extra"]
[Source "ChessBase"]
[SourceDate "2016.12.12"]
[SourceVersion "1"]
[SourceVersionDate "2016.12.12"]
[SourceQuality "1"]

1. e4 e5 2. Nf3 Nf6 3. Nc3 Bb4 4. d3 0-0 5. Bd2 d6 6. Be2 c6 7. a3 Ba5 8. Na2 Bc7 9. Bg5 Be6 10. c4 Nbd7 11. Nc3 h6 12. Bh4 Qe8 13. Nd2 d5 14. 0-0 g5 15. Bg3 Rd8 16. h3 dxc4 17. dxc4 Nc5 18. b4 Ncxe4 19. Ncxe4 Nxe4 20. Ra2 Nc3 21. Qc2 Nxe2+ 22. Kh1 Nd4 23. Qe4 f5 24. Qe1 f4 25. Ne4 Bxc4 26. Nf6+ Rxf6 0-1

[Event "Santo Domingo U2080 op"]
[Site "Santo Domingo"]
[Date "2016.06.13"]
[Round "6"]
[White "Tiburcio, Franklin Eddy"]
[Black "Araujo Sanchez, Josue"]
[Result "0-1"]
[WhiteElo "1615"]
[BlackElo "1772"]
[PlyCount "104"]
[EventDate "2016.06.10"]
[EventType "swiss"]
[EventRounds "8"]
[EventCountry "DOM"]
[SourceTitle "CBM 172 Extra"]
[Source "ChessBase"]
[SourceDate "2016.06.21"]
[SourceVersion "1"]
[SourceVersionDate "2016.06.21"]
[SourceQuality "1"]

1. e4 e5 2. Nf3 Nc6 3. Bb5 Bc5 4. d3 Nf6 5. Be3 Nd4 6. Bc4 d6 7. h3 0-0 8. c3 Nxf3+ 9. Qxf3 Bxe3 10. fxe3 Be6 11. Nd2 c6 12. 0-0 Qb6 13. Bb3 a5 14. Rab1 a4 15. Nc4 Qc7 16. Bc2 Bxc4 17. dxc4 Rae8 18. Qg3 Kh8 19. Bxa4 Nxe4 20. Qe1 Re6 21. Bc2 Nc5 22. Qh4 Rh6 23. Qg4 Qe7 24. Rf2 Rh4 25. Qg3 Rxc4 26. Rbf1 Ne4 27. Bxe4 Rxe4 28. Qf3 d5 29. Qg3 f6 30. Rd2 Qc5 31. Re1 f5 32. Rde2 f4 33. Qg5 h6 34. Qg6 Rf6 35. Qe8+ Kh7 36. Kh2 f3 37. Rf2 Rxe3 38. Rff1 Qd6 39. g3 e4 40. Qh5 Rg6 41. Qh4 Qf6 42. Qh5 Qg5 43. Qxg5 hxg5 44. g4 c5 45. Kg3 d4 46. cxd4 cxd4 47. h4 gxh4+ 48. Kxh4 Rf6 49. Kg5 Re2 50. Rh1+ Rh6 51. Rhf1 Rxe1 52. Rxe1 e3 0-1

[Event "Santo Domingo U2080 op"]
[Site "Santo Domingo"]
[Date "2016.06.10"]
[Round "1"]
[White "Jimenez Matos, Jimmy"]
[Black "Tiburcio, Franklin Eddy"]
[Result "1-0"]
[WhiteElo "1945"]
[BlackElo "1615"]
[PlyCount "49"]
[EventDate "2016.06.10"]
[EventType "swiss"]
[EventRounds "8"]
[EventCountry "DOM"]
[SourceTitle "CBM 172 Extra"]
[Source "ChessBase"]
[SourceDate "2016.06.21"]
[SourceVersion "1"]
[SourceVersionDate "2016.06.21"]
[SourceQuality "1"]

1. d4 f5 2. c4 Nf6 3. Nc3 c6 4. Nf3 e6 5. Bg5 Be7 6. d5 0-0 7. d6 h6 8. dxe7 Qxe7 9. Bf4 Qc5 10. Bd6 Qxc4 11. Bxf8 Kxf8 12. e3 Qb4 13. Qd2 d5 14. Ne5 Qd6 15. Nf3 Nbd7 16. Be2 e5 17. h3 b6 18. Rc1 Bb7 19. Nh4 Qe6 20. Qc2 Ne4 21. Nxe4 fxe4 22. Bg4 Qe8 23. Bxd7 Qxd7 24. Ng6+ Kg8 25. Nxe5 1-0